01471nam a2200289Ia 450000500170000000800410001702000150005808200160007311000330008924501530012225000190027530000420029465000360033665000340037270000430040694200120044926400430046133600270050433700330053133800280056404000350059299900150062795201300064295201300077295201300090295201490103220220317001258.0160825s2003 xx a g 000 0 spa  a958972840504a027.4bC65c2 aComfenalco. Antioquia96863110aCartilla para el manejo de cajas viajeras en instituciones educativascComfenalco Antioquia ; texto e investigación Paula Andrea Soto Castrillón a1a. edición  a58 páginas bilustraciones c17 cm 142LEMBaServicios bibliotecarios 142LEMBaPromoción de lectura 1 aSoto Castrillón, Paula Andrea968633 2ddccBK aMedellínbComfenalco Antioquiac2003 atextobtxt2rdacontent asin mediaciónbn2rdamedia avolumenbnc2rdacarrier aCO-BoRNBPbspaerdacCO-BoRNBP c6474d6474 00102ddc40708GENaMEDORADObMEDORADOcGENd2022-12-06l0o027.4 C65cpDOR00035r2022-12-06 00:00:00tEj.1w2022-12-06yBK 00102ddc40708GENaMEBAUPIAbMEBAUPIAcGENd2023-10-31l0o327.4 C65cpBUP01290r2023-10-31 13:35:14tEj.1w2023-10-31yBK 00102ddc40708GENaMEPLOPEZbMEPLOPEZcGENd2025-03-31l0o027.4 C65cpPLZ00018r2025-03-31 14:44:42tEj.1w2025-03-31yBK 00102ddc40708GENaMECUMARAbMECUMARAcGENd2025-08-19fSALA GENERAL 1Al0o027.4 C65cpMECUM00138r2025-08-19 21:00:00tEj.1w2025-08-19yBK